القواعد الفقهية ;; al-Qawāʻid al-fiqhīyah / (Record no. 77826)
[ view plain ]
| 000 -LEADER | |
|---|---|
| fixed length control field | 00966cam a2200313 4500 |
| 001 - CONTROL NUMBER | |
| control field | 77826 |
| 003 - CONTROL NUMBER IDENTIFIER | |
| rucl marc code | BD-RjUL |
| 005 - DATE AND TIME OF LATEST TRANSACTION | |
| control field | 20211209083034.0 |
| 008 - FIXED-LENGTH DATA ELEMENTS--GENERAL INFORMATION | |
| fixed length control field | 070507s1963 ir 000 0 arard |
| 020 ## - INTERNATIONAL STANDARD BOOK NUMBER | |
| International Standard Book Number | 977300121 |
| 035 ## - SYSTEM CONTROL NUMBER | |
| System control number | (BD-RjUL)78052 |
| System control number | (NjP)2754016 |
| 040 ## - CATALOGING SOURCE | |
| Original cataloging agency | WAU |
| Transcribing agency | WAU |
| Modifying agency | PUL |
| -- | DLC-R |
| Language of cataloging | eng |
| 041 ## - LANGUAGE CODE | |
| Language code of text/sound track or separate title | ara |
| 042 ## - AUTHENTICATION CODE | |
| Authentication code | lccopycat |
| 066 ## - CHARACTER SETS PRESENT | |
| Alternate G0 or G1 character set | (3 |
| 082 ## - DEWEY DECIMAL CLASSIFICATION NUMBER | |
| Edition number | 23 |
| Classification number | 340.59 |
| Author mark and year | AZQ 2005 |
| 100 1# - MAIN ENTRY--PERSONAL NAME | |
| Personal name | عزام، عبد العزيز محمد ;; Azzam, Abdul Aziz Mohammad |
| 9 (RLIN) | 245102 |
| 245 13 - TITLE STATEMENT | |
| Title | القواعد الفقهية ;; al-Qawāʻid al-fiqhīyah / |
| Statement of responsibility, etc. | Nāṣir Makārim Shīrāzī |
| 260 ## - PUBLICATION, DISTRIBUTION, ETC. (IMPRINT) | |
| Place of publication, distribution, etc. | القاهرة : |
| Name of publisher, distributor, etc. | دار الحديث، |
| Date of publication, distribution, etc. | 2005 1426 |
| 300 ## - PHYSICAL DESCRIPTION | |
| Pagination | 560 p. ; |
| Size | 25 cm. |
| 500 ## - GENERAL NOTE | |
| General note | At head of title: Silsilat al-qawāʻid al-fiqhīyah. |
| 650 #0 - SUBJECT ADDED ENTRY--TOPICAL TERM | |
| Topical term or geographic name as entry element | Islamic law. |
| 9 (RLIN) | 247137 |
| Topical term or geographic name as entry element | Shiites. |
| 9 (RLIN) | 247138 |
| 942 ## - ADDED ENTRY ELEMENTS (KOHA) | |
| Source of classification or shelving scheme | Dewey Decimal Classification |
| Koha item type | Books |
| Lost status | Source of classification or shelving scheme | Damaged status | Not for loan | Collection code | Permanent Location | Current Location | Shelving location | Date acquired | Source of acquisition | Cost, normal purchase price | Total Checkouts | Full call number | Date last seen | Copy number | Koha item type |
|---|---|---|---|---|---|---|---|---|---|---|---|---|---|---|---|
| Dewey Decimal Classification | Not For Loan | Non-fiction | Central Library, University of Rajshahi | Central Library, University of Rajshahi | Reading Room | 18/11/2009 | Ahsania mission , Dhaka | 600.00 | A 340.59 AZQ 2005 | 24/08/2021 | C-1 | Books | |||
| Dewey Decimal Classification | Non-fiction | Central Library, University of Rajshahi | Central Library, University of Rajshahi | 27/11/2021 | Wahidiah Libraey, Rajshahi | 645.00 | A 340.59 AZQ 2005 | 29/11/2021 | C-2 | Books | |||||
| Dewey Decimal Classification | Non-fiction | Central Library, University of Rajshahi | Central Library, University of Rajshahi | 27/11/2021 | Wahidiah Libraey, Rajshahi | 645.00 | A 340.59 AZQ 2005 | 29/11/2021 | C-3 | Books | |||||
| Dewey Decimal Classification | Not For Loan | Non-fiction | Central Library, University of Rajshahi | Central Library, University of Rajshahi | 10/07/2008 | Al maktabbatul Arabiah, Dhaka | 450.00 | A 340.59 AZQ 2005 | 29/11/2021 | C-4 | Books |